00686nam a22002057a 450000500170000001000130001702000220003003500130005203700160006504000120008108200160009310000240010924500910013326000400022427000550026430000250031950000370034465000270038165000720040820170124110039.0 aB-130196 c00.00a8174873171 aB-130196 bCen Lib/Ret aDPLbEN a883.08bSIN aSinha, Sunand Kumar aThe fiction of Ruth Prawer Jhabvala :cby Sunand Kumar Sinhaba feminist perspective / aNew DelhibRadha Publicationsc2004 a4378/4B, Ansari Road, DaryaganjbNew Delhie110002 aviii,203p.c22cm(Hb) aIncludes index and bibliography  aFeminism in literature aJhabvala, Ruth Prawer, -- 1927-2013 -- Criticism and interpretation